| 000 | 01081cab a2200229 4500 | ||
|---|---|---|---|
| 001 | ABS37200 | ||
| 008 | 090401t1986 xxu||||| |||| 00| 0 eng d | ||
| 035 | _a(Sirsi) u2808 | ||
| 041 | _aeng | ||
| 100 | _aJennings, A.C.S. | ||
| 245 | 4 | _aThe possibilities of forestry as a source of farm income | |
| 260 | _c1986 | ||
| 350 | _a0 | ||
| 490 |
_aNational Westminster Bank Agricultural Digest _vno 14 October 1986, 2-5(4) |
||
| 520 | _aThe current surplus of farm products will necessitate the "setting aside" of a significant area of farmland . For the UK this could be as much as 1.5m ha spread over a period of years. Forestry offers a way of making use of this area. The possibilities of forestry for uplands and lowlands are considered and the economics and alternatives of sale and leasing this set aside land reviewed. Alternative uses such as shooting coverts, mixed grazing and woodland systems are noted. | ||
| 650 | _aALTERNATIVE LAND USE | ||
| 650 | _aFARM FORESTRY | ||
| 650 |
_aLand use _96251 |
||
| 690 | _aRURAL PRACTICE | ||
| 942 | _n0 | ||
| 948 | _c04/03/1997 | ||
| 999 |
_c1689 _d1689 |
||